000 02143nam a2200337 a 4500
001 eep9781849803489
003 DLC
005 20210215104206.0
006 m o d
007 cr un|||||||||
008 090911s2009 enk ob 001 0deng d
010 _a 2009936764
020 _a9781849803489 (e-book)
040 _aUk
_cUk
_dBWKUK
_dBWK
_dYDXCP
_dBWX
_dCU-AL
_dCDX
_dDLC
050 4 _aK3585
_b.N34 2009
082 0 4 _a344.046
_222
100 1 _aNagtzaam, Gerry.
245 1 4 _aThe making of international environmental treaties
_h[electronic resource] :
_bneoliberal and constructivist analyses of normative evolution /
_cGerry Nagtzaam ; [foreword by Robyn Eckersley].
260 _aCheltenham, U.K. ;
_aNorthampton, Mass. :
_bEdward Elgar,
_cc2009.
300 _a1 online resource (xii, 376 p.)
504 _aIncludes bibliographical references (p. 325-357) and index.
505 0 _aPutting the cart before the horse : neoliberalism, interests and norms -- The gentle art of persuasion : constructivism and norms -- Frozen in time : minerals and the campaign to preserve Antarctica -- The International Whaling Commission and the elusive great white whale of preservationism -- Let's be careful, it's a jungle out there : the International Tropical Timber Organization and sustainable forestry.
520 _aGerry Nagtzaam contends that in recent decades neoliberal institutionalist scholarship on global environmental regimes has burgeoned, as has constructivist scholarship on the key role played by norms in international politics. In this innovative volume, the author sets these interest- and norm-based approaches against each other in order to test their ability to illustrate why and how different environmental norms take hold in some regimes and not others.
650 0 _aEnvironmental law, International.
650 0 _aTreaties
_xInterpretation and construction.
600 1 0 _aEckersley, Robyn,
_d1958-
655 7 _aElectronic books.
_2lcsh
710 2 _aEdward Elgar Publishing.
776 1 _z1848444222 (hardbound)
_z9781848444225 (hardback)
856 4 0 _uhttps://www.elgaronline.com/view/9781848444225.xml
999 _c28897
_d28897